000
00293nam a2200133Ia 4500
008
231129s1921||||xx |||||||||||||| ||spa||
040
_b
spa
082
_a
F842 H552t
100
_a
Hermant Abel
245
0
_a
Los Trans-Atlanticos
260
_c
1921
264
_a
Estrella
942
_2
ddc
_c
BKS
999
_c
20103
_d
20103